Exploring your languaje
Сохранить в:
| Главный автор: | |
|---|---|
| Формат: | |
| Язык: | Undetermined |
| Опубликовано: |
New York, Estados Unidos
Holt, Rinehort and Wiston
1967
|
| Предметы: | |
| Метки: |
Добавить метку
Нет меток, Требуется 1-ая метка записи!
|
MARC
| LEADER | 00000nam a2200000Ia 4500 | ||
|---|---|---|---|
| 008 | 170316s9999 xx 000 0 und d | ||
| 090 | |a 415-I P-10e | ||
| 100 | |a Postman, Neil | ||
| 245 | |a Exploring your languaje | ||
| 260 | |a New York, Estados Unidos | ||
| 260 | |b Holt, Rinehort and Wiston | ||
| 260 | |c 1967 | ||
| 300 | |a 232 páginas | ||
| 650 | |a GRAMÁTICA INGLESA | ||
| 999 | |c 19482 |d 19482 | ||
| 040 | |a cru BVZT | ||
| 942 | |c 15 D |h 415-I P-10e |2 z | ||
